00915nam a22002057a 450000500170000000700150001700800410003202000220007303500090009504000090010410000280011324501330014125600240027426000450029830000280034350602260037165000180059774000380061585600560065320240305165406.0cr|||| |||| 130305e2011 sp |||||s|||| 00||0 spa d a978-84-7658-720-1 a7652 avLex10aRivera Beiras, Iñaki 10aPolítica Criminal y Sistema PenalbViejas y nuevas racionalidades punitivash[Recurso electrónico]c/ Iñaki Rivera Beiras  aServicio en línea aBarcelona :bEditorial Anthropos, c2011 a1 Recurso electrónico dvLex GlobaldvLex Global (Academic Edition, excluding Law Schools)dvLex Global (U.S. Academic Edition, Law Schools)dvLex Global (U.S. Academic Edition, excluding Law Schools)dvLex Global (Academic Edition, Law Schools)04aDerecho penal avLex Libros (Servicio en línea) aAcceso restringidouhttp://www.vlex.com/source/7652